Effective communications for project management
| Main Author: | |
|---|---|
| Format: | Book |
| Language: | English |
| Published: |
New York ,
Auerbach , 2008
|
| Subjects: |
MARC
| LEADER | 00000cam a2200000 7i4500 | ||
|---|---|---|---|
| 001 | 0000020438 | ||
| 005 | 20090107.0 | ||
| 008 | 081022s -usa i eng | ||
| 020 | |a 1420062468 | ||
| 040 | |a INS | ||
| 090 | 0 | 0 | |a HD69.P75 |b K65 2008 |
| 100 | 1 | |a Kliem, Ralph L | |
| 245 | 1 | 0 | |a Effective communications for project management |c Ralph L.Kliem |
| 260 | |a New York , |c Auerbach , |c 2008 | ||
| 300 | |a xv, 217p. : |b ill. ; |c 24cm. | ||
| 500 | |a Includes index | ||
| 650 | 0 | 0 | |a Communication in organizations |
| 650 | 0 | 0 | |a Project management |
| 999 | |a 0000020210 |b BOOK |c Open Shelf |e Default branch | ||